000 00738nam a22002535i 4500
001 176114
003 ES-MaACL
005 20230906220006.0
008 101217s1984 sp |||| | spa d
020 _a84-85991-23-0
080 _a821.134.2 Chacel, Rosa
080 _a929 Chacel, Rosa
100 1 _aPorlan, Alberto
_993132
245 1 3 _aLa sinrazón de Rosa Chacel /
_cAlberto Porlan.
260 _a[Madrid] :
_bAnjana,
_cimp. 1984.
300 _a105 p. ;
_c21 cm.
490 1 _aDe palabra ;
_v5
504 _aBibliografía: p. 103-105.
600 1 4 _aChacel, Rosa,
_d1898-1994-
_vEntrevistas
_9226539
830 0 _aDe palabra ;
_v5
_9189929
852 _aES-MaACL
_jE-13807
942 _2udc
999 _c176114
_d176114